| 000 | 00897cam a22002891 4500 | ||
|---|---|---|---|
| 001 | sa 68014015 | ||
| 003 | DLC | ||
| 005 | 20260227112628.0 | ||
| 008 | 890802s1966 ii b b 000 0 maro | ||
| 010 | _asa 68014015 | ||
| 020 | _cRs12.00 | ||
| 025 | _aPL480:I-Mar-1539 | ||
| 035 | _a(OCoLC)20115328 | ||
| 040 |
_aDLC _cWaU _dNRU _dTxU _dOCoLC _dDLC |
||
| 043 | _aa-ii--- | ||
| 050 | 0 | 0 |
_aHT720 _b.C47 |
| 100 | 1 |
_aCāpekara, Nārāyaṇa Govinda, _d1869-1968. |
|
| 245 | 1 | 0 |
_aCitpāvana. _cLekhaka Nārāyaṇa Govinda Cāpekara. |
| 250 | _aDvitīyāvr̥tti. | ||
| 260 |
_a[Badalāpūra, Mahārāshṭra, _bLakshmaṇa Nārāyaṇa Cāpekara] _cśake 1888 [1966] |
||
| 300 |
_a34, 307 p. _bmap. _c22 cm. |
||
| 500 | _aAdded t.p. in English. | ||
| 500 | _aIn Marathi. | ||
| 504 | _aBibliographical footnotes. | ||
| 650 | 0 |
_aCaste _zIndia _zMaharashtra _xCase studies. |
|
| 650 | 0 | _aBrahmans. | |
| 999 |
_c85508 _d85508 |
||